Secret seven mystery / (Record no. 13171)

MARC details
000 -LEADER
fixed length control field 03533nam a22004937a 4500
001 - CONTROL NUMBER
control field B-265819-838
003 - CONTROL NUMBER IDENTIFIER
control field dpl
005 - DATE AND TIME OF LATEST TRANSACTION
control field 20080716143825.0
008 - FIXED-LENGTH DATA ELEMENTS--GENERAL INFORMATION
fixed length control field 080530t xxu||||| |||| 00| 0 eng d
010 ## - LIBRARY OF CONGRESS CONTROL NUMBER
LC control number B-265819-838
020 ## - INTERNATIONAL STANDARD BOOK NUMBER
International Standard Book Number 034089315X
Terms of availability 60.00
035 ## - SYSTEM CONTROL NUMBER
System control number B-265819-838
040 ## - CATALOGING SOURCE
Original cataloging agency DPL
Language of cataloging EN
082 ## - DEWEY DECIMAL CLASSIFICATION NUMBER
Classification number S
100 ## - MAIN ENTRY--PERSONAL NAME
Personal name Blyton, Enid
245 ## - TITLE STATEMENT
Title Secret seven mystery /
Statement of responsibility, etc by Enid Blyton
260 ## - PUBLICATION, DISTRIBUTION, ETC. (IMPRINT)
Place of publication, distribution, etc London
Name of publisher, distributor, etc Hodder Headline
Date of publication, distribution, etc 2004
270 ## - ADDRESS
City London
Address 338 Husdon Road,
300 ## - PHYSICAL DESCRIPTION
Extent 122p.
Dimensions 18 cm (Hb)
490 ## - SERIES STATEMENT
Series statement The secret seven 9
942 ## - ADDED ENTRY ELEMENTS (KOHA)
Source of classification or shelving scheme Dewey Decimal Classification
Koha item type Children Books
Classification part S
Call number suffix BLY
Holdings
Withdrawn status Lost status Damaged status Not for loan Collection code Home library Current library Date acquired Cost, normal purchase price Total Checkouts Full call number Barcode Date last seen Copy number Cost, replacement price Price effective from Koha item type Total Renewals Date checked out Public note Source of acquisition
        Fiction Andrews Gunj Andrews Gunj 16/07/2008 60.00   S / BLY B-265828 15/09/2008 1 60.00 15/09/2008 Children Books        
        Fiction Central Library Central Library 16/07/2008 60.00 6 S / BLY B-265824 20/01/2025 1 60.00 15/09/2008 Children Books 2 06/01/2025    
        Fiction Jagrati Enclave Jagrati Enclave 16/07/2008 60.00   S / BLY B-265836 15/09/2008 1 60.00 15/09/2008 Children Books        
        Fiction Jor Bagh (Children Lib) Jor Bagh (Children Lib) 16/07/2008 60.00   S / BLY B-265830 15/09/2008 1 60.00 15/09/2008 Children Books        
        Fiction Karol Bagh Karol Bagh 16/07/2008 60.00   S / BLY B-265832 15/09/2008 1 60.00 15/09/2008 Children Books        
        Fiction Mobile Library Mobile Library 02/06/2008 60.00   S / BLY B-265819 15/09/2008 4 60.00 15/09/2008 Children Books        
        Fiction Mobile Library Mobile Library 16/07/2008 60.00   S / BLY B-265820 15/09/2008 4 60.00 15/09/2008 Children Books        
        Fiction Mobile Library Mobile Library 16/07/2008 60.00   S / BLY B-265821 15/09/2008 4 60.00 15/09/2008 Children Books        
        Fiction Mobile Library Mobile Library 16/07/2008 60.00   S / BLY B-265822 15/09/2008 4 60.00 15/09/2008 Children Books        
        Fiction Netaji Nagar Netaji Nagar 16/07/2008 60.00   S / BLY B-265831 15/09/2008 1 60.00 15/09/2008 Children Books        
        Fiction New Police Line New Police Line 16/07/2008 60.00   S / BLY B-265823 15/09/2008 1 60.00 15/09/2008 Children Books        
        Fiction Patel Nagar Patel Nagar 16/07/2008 60.00   S / BLY B-265825 15/09/2008 1 60.00 15/09/2008 Children Books        
        Fiction R.C.Libraries (zls) R.C.Libraries (zls) 16/07/2008 60.00 5 S / BLY B-265837 04/11/2022 1 60.00 15/09/2008 Children Books 3 19/10/2022    
        Fiction R.C.Libraries (zls) R.C.Libraries (zls) 16/07/2008 60.00   S / BLY B-265838 15/09/2008 1 60.00 15/09/2008 Children Books        
        Fiction R.K.Puram-8 R.K.Puram-8 16/07/2008 60.00   S / BLY B-265827 15/09/2008 1 60.00 15/09/2008 Children Books        
        Fiction Sarojini Nagar Sarojini Nagar 16/07/2008 60.00   S / BLY B-265826 15/09/2008 1 60.00 15/09/2008 Children Books        
        Fiction Shahdara Branch Shahdara Branch 16/07/2008 60.00   S / BLY B-265833 15/09/2008 1 60.00 15/09/2008 Children Books        
        Fiction Sriniwas Puri Sriniwas Puri 16/07/2008 60.00   S / BLY B-265829 15/09/2008 1 60.00 15/09/2008 Children Books        
        Fiction Vigyan Vihar Vigyan Vihar 16/07/2008 60.00   S / BLY B-265835 15/09/2008 1 60.00 15/09/2008 Children Books        
        Fiction Vinoba Puri Vinoba Puri 01/09/2008 60.00 14 S BLY B-284653 30/04/2024 1 60.00 15/09/2008 Children Books 2 06/04/2024   Blueberry/4571/19.8.08/192/21.7.08/19.8.08
Withdrawn       Fiction Yojana Vihar Yojana Vihar 16/07/2008 60.00   S / BLY B-265834 15/09/2008 1 60.00 15/09/2008 Children Books     List No.2872 dt.16.09.2021  

© Delhi Public Library
Hit Counter
free hit counter